000 00814nas a2200229 454500
001 20495
005 20260407193506.0
008 260407s1967####ag###########|||spa#d
003 AR-UNSa-BCEJYS
040 _aAR-UNSa-BCEJYS
_bspa
_cAR-UNSa-BCEJYS
080 _a339.9
_xEconomía internacional en general. Relaciones económicas internacionales. Economía mundial
245 1 0 _aStaff papers
022 _a0020-8027
264 1 _aWashington :
_bFondo Monetario Internacional
_c1967
310 _aFrecuencia: Mensual
942 _cSER
590 _aniveau_biblio:s niveau_hierar:1
100 1 _aFondo Monetario Internacional
700 1 _aAnderson, Roger V.
650 _aSistema monetario internacional
856 4 1 _uhttps://biblioeco.unsa.edu.ar/pmb/images/revistas/Staff Papers.jpg
_yImagen de portada
_qimage/jpeg
999 _c8545
_d8545